000 00313nam a2200121 a 4500
005 20141022141959.0
008 120306s19uu xx 00 eng d
050 _aCD
_bB35 2002
100 _aBeck, Patrick
245 _aThe lightwave 6.5 /7.0 project handbook /
_cPatrick Beck.
260 _c2002.
942 _cAVM
999 _c276150
_d276150